| 000 | 00726nam a2200253 a 4500 | ||
|---|---|---|---|
| 005 | 20140310183453.0 | ||
| 008 | 090710s19uu xx 00 eng d | ||
| 020 | _a9780749453893 | ||
| 050 |
_aHF 5415.1265 _b.R93 2009 |
||
| 100 | _aRyan, Damian | ||
| 245 |
_aUnderstanding digital marketing : _bmarketing strategies for engaging the digital generation. / |
||
| 260 |
_aLondon : _bKogan Page, _c2009. |
||
| 300 |
_a276 p. : _bill. ; _c25 cm. |
||
| 521 | _aBSBA | ||
| 650 | _aBSBA. | ||
| 650 | _aMarketing. | ||
| 650 | _aInternet Marketing. | ||
| 650 | _aSocial Media. | ||
| 650 | _aStrategic planning. | ||
| 650 | _aMarketing management. | ||
| 700 | _aJones, Calvin | ||
| 942 |
_cBK _2lcc _kFOR |
||
| 999 |
_c23492 _d23492 |
||